Interactive statistics : proceedings of the Applied Statistics Conference, Sydney, February 8-9, 1979 ; edited by Don McNeil.

Bibliographic Details
Corporate Author: Applied Statistics Conference Macquarie University
Other Authors: McNeil, Don, 1941-
Format: Conference Proceeding Book
Language:English
Published: Amsterdam ; New York : North-Holland Pub. Co. ; 1979.
Subjects:

MARC

Tag First Indicator Second Indicator Subfields
LEADER 00000pam a2200000 i 4500
001 in00000051146
005 20151007065901.0
008 791011s1979 ne a b 10010 eng
010 |a  79023601  
020 |a 0444854126 
035 |a (OCoLC)05675322 
035 |9 AAE2891AM 
040 |a DLC  |c DLC  |d TXA  |d UtOrBLW 
049 |a TXAM  |c [981357] 
050 0 0 |a QA276.A1  |b A58 1979 
082 0 |a 519.5 
111 2 |a Applied Statistics Conference  |d (1979 :  |c Macquarie University) 
245 1 0 |a Interactive statistics :  |b proceedings of the Applied Statistics Conference, Sydney, February 8-9, 1979 ; edited by Don McNeil. 
264 1 |a Amsterdam ;  |a New York :  |b North-Holland Pub. Co. ;  |c 1979. 
264 2 |a New York :  |b Sole distributors for the U.S.A. and Canada, Elsevier North-Holland, 
300 |a x, 254 pages :  |b illustrations ;  |c 23 cm. 
336 |a text  |b txt  |2 rdacontent 
337 |a unmediated  |b n  |2 rdamedia 
338 |a volume  |b nc  |2 rdacarrier 
504 |a Includes bibliographies. 
650 0 |a Mathematical statistics  |v Congresses. 
650 0 |a Statistics  |v Congresses. 
700 1 |a McNeil, Don,  |d 1941- 
999 |a MARS 
999 f f |s 1b49a05b-8a7e-378c-80bd-5fc30c42ba7d  |i a3dad54e-3d8e-38b0-846c-64d5f6e275ea  |t 0 
952 f f |p ric  |a Texas A&M University  |b Rellis Campus  |c Joint Library Facility  |d Remote Storage  |t 0  |e QA276.A1 A58 1979  |h Library of Congress classification  |i unmediated -- volume  |m A14804502580 
998 f f |a QA276.A1 A58 1979  |t 0  |l Remote Storage